Nghiên cứu sử dụng các loại hormone khác nhau trong sinh sản nhân tạo cá Leo (Wallago attu Schneidr, 1801) Luận văn Cao học. Chuyên ngành: Nuôi trồng tuỷ sản
Luận văn trình bày những ảnh hưởng của ovaprime, HCG, HCG + não thuỳ thể cá chép và LHRHa + DOM đến khả năng sinh sản của cá Leo
Zapisane w:
| 1. autor: | |
|---|---|
| Format: | Książka |
| Język: | Undetermined |
| Wydane: |
Cần Thơ
Trường Đại học Cần Thơ
2010
|
| Hasła przedmiotowe: | |
| Etykiety: |
Dodaj etykietę
Nie ma etykietki, Dołącz pierwszą etykiete!
|
| Thư viện lưu trữ: | Trung tâm Học liệu Trường Đại học Cần Thơ |
|---|
| LEADER | 01292nam a2200229Ia 4500 | ||
|---|---|---|---|
| 001 | CTU_161702 | ||
| 008 | 210402s9999 xx 000 0 und d | ||
| 082 | |a 639.31 | ||
| 082 | |b Th107 | ||
| 088 | |a 606270 | ||
| 100 | |a Nguyễn, Hoàng Thanh | ||
| 245 | 0 | |a Nghiên cứu sử dụng các loại hormone khác nhau trong sinh sản nhân tạo cá Leo (Wallago attu Schneidr, 1801) | |
| 245 | 0 | |b Luận văn Cao học. Chuyên ngành: Nuôi trồng tuỷ sản | |
| 245 | 0 | |c Nguyễn Hoàng Thanh; Dương Nhựt Long ( Hướng dẫn khoa học) | |
| 260 | |a Cần Thơ | ||
| 260 | |b Trường Đại học Cần Thơ | ||
| 260 | |c 2010 | ||
| 520 | |a Luận văn trình bày những ảnh hưởng của ovaprime, HCG, HCG + não thuỳ thể cá chép và LHRHa + DOM đến khả năng sinh sản của cá Leo | ||
| 650 | |a Animal culture,Zoology, Economic,Aquaculture,Chemical inhibitors,Nghề nuôi cá,Nghề nuôi động vật,Động vật học, Kinh tế,Nuôi trồng tuỷ sản,Chất ức chế hoá học,Fish culture | ||
| 650 | |z Vietnam,Vietnam,Việt Nam,Việt Nam | ||
| 904 | |i Linh Cát, Trọng Hiếu | ||
| 980 | |a Trung tâm Học liệu Trường Đại học Cần Thơ | ||